Statistics for Countries in World War I (Civilian) Quiz

Click here to take the quiz!

General Stats

  • This quiz has been taken 58 times
  • The average score is 7 of 9

Answer Stats

DeathsCountry% Correct
40,000France
98%
16,829United Kingdom
96%
410,000Russian Empire
94%
120,000Austria-Hungary
86%
3,400Italy
84%
23,700Belgium
76%
1,500,000Ottoman Empire
76%
130,000Romania
63%
1,963Canada
25%

Score Distribution

Percentile by Number Answered

Percent of People with Each Score

Your Score History

You have not taken this quiz